[Event "Kvinde-DM 2015"]
[Site "Svendborg"]
[Date "2015.04.06"]
[Round "7.1"]
[White "Baliuniene, Margarita"]
[Black "Dalsberg, Sandra de Blecourt"]
[Result "0-1"]
[WhiteElo "1949"]
[BlackElo "2105"]
[PlyCount "138"]
[EventDate "2015.??.??"]

1. d4 d5 2. c4 c6 3. Nc3 Nf6 4. Nf3 g6 5. cxd5 cxd5 6. e3 a6 7. Bd3 Bg7 8. O-O
O-O 9. Ne5 Qd6 10. a4 Nc6 11. Nxc6 bxc6 12. b3 Ng4 13. f4 c5 14. Ne2 Qb6 15. h3
Nh6 16. dxc5 Qxc5 17. Rb1 Nf5 18. b4 Qa7 19. Rf3 Rb8 20. Kh1 Be6 21. b5 axb5
22. Bxb5 Nh4 23. Rg3 Bf5 24. Rb4 Be4 25. Nd4 Rfc8 26. Ba3 Bxd4 27. exd4 Rc2 28.
Rb2 Nxg2 29. Kg1 Rxb2 30. Bxb2 Nxf4 31. Qd2 Ne6 32. Rb3 Rc8 33. Bc3 Qc7 34. Bb4
Qc1+ 35. Qxc1 Rxc1+ 36. Kf2 Nxd4 37. Rb2 Rc2+ 38. Rxc2 Nxc2 39. Bxe7 d4 40. a5
d3 41. Bf6 Na3 42. Ba4 Bb7 43. Bb3 Ba6 44. Bc3 Nb5 45. Be5 Kf8 46. Bc4 d2 47.
Ke2 d1=Q+ 48. Kxd1 Nc3+ 49. Bxc3 Bxc4 50. Bf6 Ke8 51. Kd2 Kd7 52. Kc3 Bf1 53.
h4 Ke6 54. Bg5 f6 55. Be3 Kf5 56. Bd4 g5 57. hxg5 fxg5 58. Kd2 Ke4 59. Bf6 g4
60. Ke1 Ba6 61. Kf2 Kf4 62. Bh4 Bb7 63. Bg3+ Kg5 64. Bc7 Kh4 65. Bg3+ Kh3 66.
Bd6 h5 67. Kg1 g3 68. Be5 Kg4 69. Bd6 h4 0-1

[Event "Kvinde-DM 2015"]
[Site "Svendborg"]
[Date "2015.04.06"]
[Round "7.2"]
[White "Vangsgaard, Freja"]
[Black "Frank Nielsen, Marie"]
[Result "0-1"]
[WhiteElo "1792"]
[BlackElo "1887"]
[PlyCount "136"]
[EventDate "2015.??.??"]

1. d4 Nf6 2. Nf3 g6 3. g3 Bg7 4. Bg2 d6 5. O-O O-O 6. c4 Nc6 7. Nc3 Rb8 8. d5
Na5 9. Nd2 c5 10. Qc2 a6 11. a4 e6 12. e4 exd5 13. exd5 Bf5 14. Nce4 Nd7 15.
Rb1 b5 16. axb5 axb5 17. b3 bxc4 18. bxc4 Ne5 19. Bb2 Re8 20. f4 Rxb2 21. Rxb2
Nexc4 22. Nxc4 Nxc4 23. Rb3 Bd4+ 24. Kh1 Ne3 25. Rxe3 Bxe3 26. Qa4 Bxe4 27.
Bxe4 Qe7 28. Bg2 Bd4 29. f5 Rb8 30. fxg6 hxg6 31. Qd1 Re8 32. Qf3 Kg7 33. Qg4
Ra8 34. Qf4 Ra1 35. Rxa1 Bxa1 36. Qe4 Be5 37. Bf3 Qa7 38. Qe1 Qa2 39. Qe2 Qa1+
40. Kg2 Qd4 41. Qe4 Qa1 42. Qe2 Qc1 43. Qd1 Qc3 44. Qe2 c4 45. Be4 Qb4 46. Bf3
c3 47. Qc2 f5 48. Be2 Qc5 49. Bf3 Qb5 50. Kf2 Qb2 51. Bd1 Kf6 52. Kf3 Qb5 53.
Qb3 Qf1+ 54. Ke3 Qg1+ 55. Kd3 Qd4+ 56. Kc2 Qe4+ 57. Kc1 Bd4 58. Bc2 Qe1+ 59.
Bd1 Qd2+ 60. Kb1 Qxh2 61. g4 Qb2+ 62. Qxb2 cxb2 63. gxf5 Kxf5 64. Bc2+ Kf6 65.
Bb3 g5 66. Bd1 Ke5 67. Bf3 Kf4 68. Bh1 g4 0-1

[Event "Kvinde-DM 2015"]
[Site "Svendborg"]
[Date "2015.04.06"]
[Round "7.3"]
[White "Kakulidis, Ellen"]
[Black "Moller, Elisabeth Mechlenburg"]
[Result "1-0"]
[WhiteElo "1763"]
[BlackElo "1201"]
[PlyCount "41"]
[EventDate "2015.??.??"]

1. c4 f5 2. d4 g6 3. Nc3 Nf6 4. Nf3 Bg7 5. g3 c6 6. Bg2 d6 7. Rb1 O-O 8. Bd2
Be6 9. Qb3 Nbd7 10. Ng5 Bf7 11. Nxf7 Rxf7 12. Qxb7 e5 13. Qxc6 Nb6 14. c5 Rc8
15. Qxd6 Qxd6 16. cxd6 exd4 17. Nb5 Rd8 18. Nxd4 Rxd6 19. e3 Re7 20. Bb4 Rxd4
21. Bxe7 1-0

[Event "Kvinde-DM 2015"]
[Site "Svendborg"]
[Date "2015.04.06"]
[Round "7.4"]
[White "Olsen, Miriam Frida"]
[Black "Micalizio, Caterina Wul"]
[Result "1-0"]
[WhiteElo "2012"]
[BlackElo "1100"]
[PlyCount "31"]
[EventDate "2015.??.??"]

1. e4 e5 2. Nf3 Nc6 3. d4 Nce7 4. dxe5 g6 5. Bc4 c6 6. O-O Bg7 7. Nc3 Nh6 8.
Bf4 O-O 9. Qd2 Nhf5 10. exf5 Nxf5 11. Ne4 d5 12. exd6 b5 13. Bb3 Re8 14. Bg5
Qd7 15. Rfe1 Rb8 16. Rad1 1-0

[Event "Kvinde-DM 2015"]
[Site "Svendborg"]
[Date "2015.04.06"]
[Round "7.5"]
[White "Nilssen, Ellen Fredericia"]
[Black "Wul, Lene"]
[Result "1-0"]
[WhiteElo "1700"]
[BlackElo "1000"]
[PlyCount "45"]
[EventDate "2015.??.??"]

1. d4 d5 2. c4 Nf6 3. Nc3 c6 4. Nf3 Nbd7 5. Bf4 h6 6. e3 g5 7. Bg3 Rg8 8. cxd5
Nxd5 9. Nxd5 Qa5+ 10. Nc3 e6 11. Be2 Bb4 12. Qc2 Bxc3+ 13. bxc3 b5 14. O-O Bb7
15. c4 Ba6 16. cxb5 Bxb5 17. Bxb5 Qxb5 18. Qh7 Rf8 19. Bd6 Kd8 20. Bxf8 Nxf8
21. Qxf7 Nd7 22. Qg8+ Kc7 23. Qxa8 1-0

[Event "Kvinde-DM 2015"]
[Site "Svendborg"]
[Date "2015.04.06"]
[Round "7.6"]
[White "Lund, Kirsten"]
[Black "Lund, Henriette"]
[Result "1-0"]
[WhiteElo "1338"]
[BlackElo "1030"]
[PlyCount "35"]
[EventDate "2015.??.??"]

1. b3 Nc6 2. Bb2 Nf6 3. e3 e6 4. c4 Be7 5. a3 O-O 6. Qc2 b6 7. Nf3 Bb7 8. Be2
Qc8 9. O-O Nd8 10. Ng5 g6 11. d3 d5 12. Nd2 c5 13. Ndf3 Re8 14. Qc3 Nc6 15.
Rad1 e5 16. Nxe5 dxc4 17. Ng4 cxd3 18. Nxf6+ 1-0